1285 1270 1386 1698 1859 1802 1406 1817 1798 1344 1135 1989 1011 1429 1406 1572 1709 1482 1953 1014 1881 1425 1564 1394 1648 1151 1890 1138 1055 1018 1048 1151 1433 1853 1813 1196 1684 1980 1864 1611 1112 1294 1902 1904 1000 1418 1513 1806 1202 1331 1526 1709 1147 1457 1061 1523 1830 1175 1249 1689 1000 1299 1676 1459 1763 1895 1317 1498 1291 1476 1022 1526 1816 1585 1780 1315 1380 1294 1719 1936 1543 1771 1433 1325 1223 1076 1800 1099 1303 1680 1958 1863 1609 1394 1910 1809 1160 1313 1848 BCNSPRNW ULIB Ver.6.0+V

เปลี่ยนเป็นภาษาไทย

Change to English
 แสดงรายละเอียดบรรณานุกรม
  กลับหน้าหลัก

Brief Record : Get Marc (ISO 2709) : E-mail record : QR code < ปิดหน้าต่าง
LEADER : 00000nam 2200000uu 4500
001    13399112767
003     ULIB
008    110908s2552||||th 000 0 tha d
020    9789749922835
050  4 LB1033.5^bช576ท 2552
100 0  ชิษณุ พันธุ์เจริญ
245 00 ทักษะการสื่อสารเพื่อความเป็นเลิศด้านการเรียนการสอน /^c[บรรณาธิการ] ชิษณุ พันธุ์เจริญ, จรุงจิตร์ งามไพบูลย์
260    กรุงเทพฯ :^bธนาเพรส,^c2552
300    129, [3] หน้า :^bภาพประกอบ ;^c21 ซม.
650  4 การสื่อสาร
650  4 การสื่อสารทางการศึกษา
650  4 การสื่อสารทางการแพทย์
700 0  ชิษณุ พันธุ์เจริญ,^eบรรณาธิการ
700 0  จรุงจิตร์ งามไพบูลย์,^eบรรณาธิการ
945    ^p160^l0^i025346
945    ^p160^l0^i025347
945    ^p160^l0^i025348
945    ^p160^l0^i026396
945    ^p160^l0^i026397
945    ^p160^l0^i026398
945    ^p160^l0^i026399
945    ^p160^l0^i026400
995    ทศพร
999 ^a ทศพร
รายการนี้ยังไม่มีแท็ก
คุณยังไม่ได้ล็อกอิน คุณสามารถมีกิจกรรมร่วมกับเว็บไซต์ได้ แต่ต้องล็อกอินก่อน ::
  ล็อกอิน

รายการสื่อสารสนเทศ

ลำดับที่ ประเภท เลขเรียก/บาร์โค้ด สถานที่ สถานะ
- ไม่พบข้อมูล -

รายการใกล้เคียง
    ผู้แต่ง [ชิษณุ พันธุ์เจริญ]

    หัวเรื่อง [การสื่อสาร]
    หัวเรื่อง [การสื่อสารทางการศึกษา]
    หัวเรื่อง [การสื่อสารทางการแพทย์]

BibComment


ยังไม่เคยถูกคอมเมนท์

คอมเมนท์ทรัพยากรรายการนี้
  คอมเมนท์: ทักษะการสื่อสารเพ..


 Copyright 2026. Bcnsprnw @Library